ბათუმის შოთა რუსთაველის სახელმწიფო უნივერსიტეტის ბიბლიოთეკა

ძველი საქართველო : (ბიბ.ჩანაწერი № 40630)

000 -ლიდერი
ფიქსირებული სიგრძის საკონტროლო ველი 02060nam a2200265Ia 4500
001 - საკონტროლო ნომერი
საკონტროლო ველი 7258
003 - საკონტროლო ნომრის იდენტიფიკატორი
საკონტროლო ველი GE_BSU
005 - ბოლო ოპერაციის თარიღი და დრო
საკონტროლო ველი 20191217172344.0
008 - ფიქსირებული სიგრძის მონაცემთა ელემენტები - ზოგადი ინფორმაცია
ფიქსირებული სიგრძის საკონტროლო ველი 181216s2013||||ge |||||||||||||| ||geo||
020 ## - წიგნის საერთაშორისო სტანდარტული ნომერი
International Standard Book Number 9789941199905
040 ## - კატალოგიზაციის წყარო
Transcribing agency GE_BSU
041 ## - ენის კოდი
Language code of text/sound track or separate title geo
080 ## - უნივერსალური ათობითი კლასიფიკაციის ინდექსი
Universal Decimal Classification number 71.222-9(479.22) ძ-48
245 ## - ცნობა სათაურის შესახებ
Title ძველი საქართველო :
Remainder of title (ნაწ. 1) : წმინდა გრიგოლ ხანძთელი ; წმინდა მეფე აშოტ I კურაპალატი ; წმინდა არსენ დიდი კათალიკოსი ; წმინდა ეფრემ დიდი, მაწყვერელი ; ღირსი მიქაელ პარეხელი ; წმინდა საბა იშხნელი ; წმინდა გიორგი მაწყვერელი ; ღირსი ზაქარია ანჩელი ; ღირსი დედა ფებრონია.
Statement of responsibility, etc შემდგ. კახაბერ კენკიშვილი ; პროექტის რედ. თამარ მამაცაშვილი.
264 ## - წარმოების, გამოცემის, დისტრიბუციის და სხვა ცნობები
გამოცემის, წარმოების, დისტრიბუციის... ადგილი თბილისი :
გამოცემის, წარმოების, დისტრიბუციის... სახელწოდება პალიტრა L,
გამოცემის, წარმოების, დისტრიბუციის... თარიღი 2013.
300 ## - ფიზიკური აღწერა
Extent 192 გვ. ;
Other physical details 20 სმ.
490 ## - სერიის ცნობა
Series statement საქართველოს იმედი : ყველა წმინდანი, რომელთა შესახებაც უნდა იცოდე,
Volume number/sequential designation წ. 12
International Standard Serial Number ISSN 2298-0547
653 ## - INDEX TERM--UNCONTROLLED
Uncontrolled term ქართველი წმინდანები
653 ## - INDEX TERM--UNCONTROLLED
Uncontrolled term სამონასტრო ცხოვრები საქართველოში
653 ## - INDEX TERM--UNCONTROLLED
Uncontrolled term საქართველოს მართლმადიდებლური ეკლესიის ისტორია
700 ## - ADDED ENTRY--PERSONAL NAME
Personal name კენკიშვილი, კახაბერ
Relator term შემდგენელი
9 (RLIN) 5850
700 ## - ADDED ENTRY--PERSONAL NAME
Personal name მამაცაშვილი, თამარ
Relator term რედაქტორი
9 (RLIN) 5851
942 ## - ADDED ENTRY ELEMENTS (KOHA)
Koha item type წიგნი
Source of classification or shelving scheme
ეგზემპლარები
ჩამოწერის სტატუსი დაკარგული ეგზემპლარის სტატუსი კლასიფიკაციის წყარო ან თაროზე გაწყობის სქემა დაზიანების სტატუსი არ გაიცემა მუდმივი მდებარეობა (დაცვის ადგილი) ამჟამინდელი ადგილსამყოფელი თაროზე განთავსების ადგილი შეძენის თარიღი ღირებულება, შესყიდვის ნორმალური ფასი სრული შენახვის შიფრი შტრიხკოდი ბოლო ოპერაციის თარიღი ეგზემპლარის მიმდევრობითი ნომერი (კეტერი?) ფასის ძალაში შესვლის თარიღი ეგზემპლარის სახეობა საჯარო შენიშვნა
          ბათუმის შოთა რუსთაველის სახელმწიფო უნივერსიტეტის მთავარი ბიბლიოთეკა ბათუმის შოთა რუსთაველის სახელმწიფო უნივერსიტეტის მთავარი ბიბლიოთეკა წიგნსაცავი 2018-12-17 3.00 71.222-9(479.22) ძ-48 7090 2018-12-17 7090 2018-12-17 წიგნი 3 ლ.